| 000 | 00487nam a22001577a 4500 | ||
|---|---|---|---|
| 003 | OSt | ||
| 005 | 20260115122944.0 | ||
| 008 | 260115b |||||||| |||| 00| 0 eng d | ||
| 040 | _cMRSPTU | ||
| 041 | _aENG | ||
| 100 | _aPalminder Kaur, Supervisor: Dr. Shaveta Rani | ||
| 245 | _aMobile user localization using dynamic triangular localiztion based location aware WSN protocol | ||
| 260 |
_bDepartment of CSE, MRSPTU, Bathinda _c2015 |
||
| 650 | _aComputer Science | ||
| 942 |
_2ddc _cTH _n0 |
||
| 999 |
_c10655 _d10655 |
||